Hiện trạng và giải pháp phòng cháy rừng ở khu bảo tồn thiên nhiên vồ dơi-Cà Mau : Luận văn tốt nghiệp đại học: Chuyên ngành môi trường & QLTNTN

Nội dung tìm hiểu hiện trạng, công tác phòng chống cháy rừng, tìm hiểu tình hình kinh tế xã hội, thu thập những số liệu cần tính toán.

Salvato in:
Dettagli Bibliografici
Autore principale: Thái, Hằng Ni
Natura: Libro
Lingua:Undetermined
Pubblicazione: Cần Thơ Trường Đại học Cần Thơ 2006
Soggetti:
Tags: Aggiungi Tag
Nessun Tag, puoi essere il primo ad aggiungerne! !
Thư viện lưu trữ: Trung tâm Học liệu Trường Đại học Cần Thơ
LEADER 01123nam a2200229Ia 4500
001 CTU_143234
008 210402s9999 xx 000 0 und d
082 |a 333.75 
082 |b N300 
088 |a 3011955 
100 |a Thái, Hằng Ni 
245 0 |a Hiện trạng và giải pháp phòng cháy rừng ở khu bảo tồn thiên nhiên vồ dơi-Cà Mau : 
245 0 |b Luận văn tốt nghiệp đại học: Chuyên ngành môi trường & QLTNTN 
245 0 |c Thái Hằng Ni ; Vũ Nam, Nguyễn Văn Bé (Giáo viên hướng dẫn) 
260 |a Cần Thơ 
260 |b Trường Đại học Cần Thơ 
260 |c 2006 
520 |a Nội dung tìm hiểu hiện trạng, công tác phòng chống cháy rừng, tìm hiểu tình hình kinh tế xã hội, thu thập những số liệu cần tính toán. 
650 |a Natural resources,Forests and forestry,Tài nguyên thiên nhiên 
650 |x Economic aspects 
904 |i Tuyến 
980 |a Trung tâm Học liệu Trường Đại học Cần Thơ